|
ห้องสมุด วิทยาลัยพยาบาลบรมราชชนนี อุดรธานี
Boromarajonani College of Nursing, Udonthani
|


|
mysqli: Table './ulib2015/stat_globaluid' is marked as crashed and last (automatic?) repair failed
select id from stat_globaluid where statuid='20260419000505_3743'
mysqli: Table './ulib2015/stat_globaluid' is marked as crashed and last (automatic?) repair failed
DELETE FROM stat_globaluid
WHERE id NOT IN (
SELECT id
FROM (
SELECT id
FROM stat_globaluid
ORDER BY id DESC
LIMIT 100
) foo
);
mysqli: Table './ulib2015/stat_globaluid' is marked as crashed and last (automatic?) repair failed
insert into stat_globaluid set
statuid='20260419000505_3743',
dt='1776531905',
phpself='/ULIB/dublinfull.php',
agent='Mozilla/5.0 AppleWebKit/537.36 (KHTML, like Gecko; compatible; ClaudeBot/1.0; +claudebot@anthropic.com)',
yea='2026',
mon='4',
dat='19',
ip='216.73.216.142'
| LEADER 0000000m 220000000 4500 |
| 001 13399120478 |
| 003 ULIBM |
| 008 151013s2555 th a 001 0 THA u |
| 041 0 ^aTHA
|
| 050 14 ^aBQ5558.T5^bส376^cc2555
|
| 245 ^a ^a1111 |
| 300 ^a332 หน้า :^bภาพประกอบ ;^c26 ซม.
|
| 504 ^aชื่อเรื่องที่ปกนอก: บทสวดมนต์
|
| 650 7 ^aบทสวดมนต์
|
| 740 0 ^aบทสวดมนต์แปล
|
| 945 ^p0^l0^i39284 |
| 999 ^aพรปวีณ์
|
| คุณยังไม่ได้ล็อกอิน คุณสามารถมีกิจกรรมร่วมกับเว็บไซต์ได้ แต่ต้องล็อกอินก่อน :: |
|
| ลำดับที่ |
ประเภท |
เลขเรียก/บาร์โค้ด |
สถานที่ |
สถานะ |
| 1. |
 หนังสือภาษาไทย | BQ5558.T5 ส376 c2555 Barcode: 39284 | หนังสือทั่วไป | On Shelf |
| [แสดง 1/1 รายการ] |
mysqli: Can't create/write to file '/var/tmp/#sql_59d_0.MAI' (Errcode: 2)
select * from index_db where titl like '%บทสวดมนต์ / [สำนักปฏิบัติธรรมแม่ชีในเครือมูลนิธิอมรีรักษ์]%' and mid<>'13399120478' order by rand() limit 3
mysqli: Can't create/write to file '/var/tmp/#sql_59d_0.MAI' (Errcode: 2)
select * from index_db where subj like '%บทสวดมนต์%' and mid<>'13399120478' order by rand() limit 3
|
ยังไม่เคยถูกคอมเมนท์
|
| คอมเมนท์ทรัพยากรรายการนี้ |
|